000
00206 a2200097 4500
001
20384
100
_a
Yourgrau, W
245
_a
Physics, Logic & Historry
260
_a
_b
Plenum P
_c
090
_c
14868
_d
14868
942
_a
NUST-CAE
_c
M
_c
5411
999
_c
255457
_d
255457